Kumpulan puisi : khabar dari mimbar

Bibliographic Details
Main Author: Mohd Rosli Bakir , 1957-
Format: Book
Published: Kuala Lumpur : Institut Terjemahan & Buku Malaysia Berhad , 2017
Subjects:

MARC

LEADER 00000cam a2200000 7i4500
001 0000083701
005 20190603.0
008 190603
020 |a 9789674605728 
041 0 |a Malay 
090 0 0 |a 899.231   |b MOH 
100 0 |a Mohd Rosli Bakir ,   |d 1957- 
245 1 0 |a Kumpulan puisi :   |b khabar dari mimbar   |c Mohd Rosli Bakir 
260 |a Kuala Lumpur :   |b Institut Terjemahan & Buku Malaysia Berhad ,   |c 2017 
300 |a 104p. ;   |c 18.4cm. 
541 0 0 |c Purchased on 2019   |f 51/2019 DIAN   |h RM20.00 
650 0 |a Malay poetry 
999 |a 0001575894   |b Book   |c Adult Collection   |e Perbadanan Perpustakaan Awam Johor 
999 |a 0001575895   |b Book   |c Adult Collection   |e Perbadanan Perpustakaan Awam Johor 
999 |a 0001575896   |b Book   |c Adult Collection   |e Cawangan Urban Transformation Centre 
999 |a 0001575897   |b Book   |c Adult Collection   |e Cawangan AEON Kulaijaya 
999 |a 0001579153   |b Book   |c Adult Collection   |e Cawangan Bandar Tenggara 
999 |a 0001579154   |b Book   |c Adult Collection   |e Cawangan Pontian 
999 |a 0001579155   |b Book   |c Adult Collection   |e Cawangan Mersing 
999 |a 0001579156   |b Book   |c Adult Collection   |e Cawangan Batu Pahat 
999 |a 0001579157   |b Book   |c Adult Collection   |e Cawangan Segamat 
999 |a 0001579158   |b Book   |c Adult Collection   |e Cawangan Taman Sri Lambak 
999 |a 0001579159   |b Book   |c Adult Collection   |e Cawangan Sri Merlong 
999 |a 0001579160   |b Book   |c Adult Collection   |e Cawangan Kota Tinggi 
999 |a 0001579161   |b Book   |c Adult Collection   |e Cawangan Sri Merlong 
999 |a 0001579162   |b Book   |c Adult Collection   |e Cawangan Bukit Gambir 
999 |a 0001579163   |b Book   |c Adult Collection   |e Cawangan Tmn. Ungku Tun Aminah 
999 |a 0001579164   |b Book   |c Adult Collection   |e Cawangan Muar 
999 |a 0001579165   |b Book   |c Adult Collection   |e Cawangan Tangkak